| 000 | 01596cam a22003494a 4500 | ||
|---|---|---|---|
| 001 | 14026598 | ||
| 005 | 20060912072101.0 | ||
| 008 | 050706s2006 nyu |rb 001 0 eng | ||
| 010 | _a 2005051309 | ||
| 020 | _a1403972540 | ||
| 020 | _a9781403972545 | ||
| 035 | _a(OCoLC)ocm60931507 | ||
| 040 |
_aDLC _cDLC _dBAKER _dC#P _dDLC |
||
| 042 | _apcc | ||
| 050 | 0 | 0 |
_aJZ1251 _b.G76 2006 |
| 082 | 0 | 0 |
_a327.101 _222 _bGRO |
| 100 | 1 |
_aGrovogui, Siba N'Zatioula, _d1956- _916126 |
|
| 245 | 1 | 0 |
_aBeyond Eurocentrism and Anarchy : _bMemories of International Order and Institutions / _cSiba N. Grovogui |
| 260 |
_aNew York : _bPalgrave Macmillan, 2006 _c2006. |
||
| 300 |
_axii, 283 p. ; _c22 cm. |
||
| 490 |
_aCulture and Religion in International Relations _916127 |
||
| 504 | _aIncludes bibliographical references (p. [241]-278) and index. | ||
| 650 | 0 |
_aInternational relations _vCross-cultural studies. _916128 |
|
| 650 | 0 |
_aEurocentrism. _916129 |
|
| 650 | 0 |
_aEast and West. _916130 |
|
| 856 | 4 | 1 |
_3Table of contents _uhttp://www.loc.gov/catdir/enhancements/fy0625/2005051309-t.html |
| 856 | 4 | 2 |
_3Contributor biographical information _uhttp://www.loc.gov/catdir/enhancements/fy0634/2005051309-b.html |
| 856 | 4 | 2 |
_3Publisher description _uhttp://www.loc.gov/catdir/enhancements/fy0634/2005051309-d.html |
| 942 |
_2ddc _cBB |
||
| 999 |
_c14451 _d14451 |
||